Corporate finance (Record no. 4861)

MARC details
000 -CABECERA
campo de control de longitud fija 02708cam a2200349Mi 4500
001 - NÚMERO DE CONTROL
campo de control a40536528
003 - IDENTIFICADOR DEL NÚMERO DE CONTROL
campo de control SIRSI
005 - FECHA Y HORA DE LA ÚLTIMA TRANSACCIÓN
campo de control 20250826095639.0
006 - CÓDIGOS DE INFORMACIÓN DE LONGITUD FIJA--CARACTERÍSTICAS DEL MATERIAL ADICIONAL
campo de control de longitud fija m o d
007 - CAMPO FIJO DE DESCRIPCIÓN FÍSICA--INFORMACIÓN GENERAL
campo de control de longitud fija cr |||||||||||
008 - DATOS DE LONGITUD FIJA--INFORMACIÓN GENERAL
campo de control de longitud fija 211203s2022 njua fob 001 0 eng d
010 ## - NÚMERO DE CONTROL DE LA BIBLIOTECA DEL CONGRESO
Número de control de LC 2021046901
015 ## - NÚMERO DE BIBLIOGRAFÍA NACIONAL
Número de bibliografía nacional GBC262403
Fuente bnb
016 7# - NÚMERO DE CONTROL DE UNA AGENCIA BIBLIOGRÁFICA NACIONAL
Número de control del registro 020486099
Fuente Uk
020 ## - NÚMERO INTERNACIONAL ESTÁNDAR DEL LIBRO
Número Internacional Estándar del Libro 9781119841623
035 ## - NÚMERO DE CONTROL DEL SISTEMA
Número de control de sistema (OCoLC)1310433101
037 ## - FUENTE DE ADQUISICIÓN
Número de adquisición 9781119841630
Fuente del número de adquisición Wiley
037 ## - FUENTE DE ADQUISICIÓN
Número de adquisición 9781119841623
Fuente del número de adquisición O'Reilly Media
040 ## - FUENTE DE LA CATALOGACIÓN
Centro catalogador/agencia de origen UKAHL
Lengua de catalogación eng
Normas de descripción rda
Centro/agencia transcriptor UKAHL
Centro/agencia modificador UKMGB
-- ORMDA
-- OCLCF
-- UtOrBLW
041 ## - CÓDIGO DE LENGUA
Código de lengua del texto/banda sonora o título independiente English
050 #4 - SIGNATURA TOPOGRÁFICA DE LA BIBLIOTECA DEL CONGRESO
Número de clasificación HG4026
100 ## - ENTRADA PRINCIPAL--NOMBRE DE PERSONA
Nombre de persona Vernimmen, Pierre
Término indicativo de función/relación author.
Código de función http://id.loc.gov/vocabulary/relators/aut
Número de control del registro de autoridad o número normalizado http://id.loc.gov/authorities/names/n50013928
9 (RLIN) 1931
245 10 - MENCIÓN DE TÍTULO
Título Corporate finance
Resto del título : theory and practice.
250 ## - MENCIÓN DE EDICIÓN
Mención de edición Sixth edition /
Resto de la mención de edición Pascal Quiry, Yann Le Fur, Pierre Vernimmen.
264 #1 - PRODUCCIÓN, PUBLICACIÓN, DISTRIBUCIÓN, FABRICACIÓN Y COPYRIGHT
Producción, publicación, distribución, fabricación y copyright Hoboken :
Nombre del de productor, editor, distribuidor, fabricante John Wiley & Sons, Inc.,
Fecha de producción, publicación, distribución, fabricación o copyright 2022.
504 ## - NOTA DE BIBLIOGRAFÍA, ETC.
Nota de bibliografía, etc. Includes bibliographical references and index.
520 ## - SUMARIO, ETC.
Sumario, etc. Get a distinctly European take on corporate finance The newly revised Sixth Edition of Corporate Finance: Theory and Practice delivers a uniquely European perspective on the foundations and latest trends in corporate finance, including the marked shifts brought about by sustainability, environmental, and social concerns. Containing updated statistics and graphs, the book covers the latest innovations in financial practice, like the rise of private equity investment, the continuous decline in listed companies, and the dramatic surge of sustainability-linked financing products. Readers get access to an accompanying website that offers regularly updated statistics, graphs, and charts, direct email access to the authors, quizzes, case studies, articles, and more. The book also includes: A balanced blend of theory and practice from an author team with a presence in academia and business Access to The Vernimmen.com Newsletter, which provides monthly updates on corporate finance to over 60,000 subscribers Ideal for students studying corporate finance as part of an MBA or a master's level programme in Finance, Corporate Finance: Theory and Practice is also required reading for practicing professionals in the UK and continental Europe seeking a distinctly European treatment of a critically important subject.
650 #0 - PUNTO DE ACCESO ADICIONAL DE MATERIA--TÉRMINO DE MATERIA
Término de materia o nombre geográfico como elemento de entrada Corporations
Subdivisión general Finance
Número de control del registro de autoridad o número normalizado http://id.loc.gov/authorities/subjects/sh85032938
9 (RLIN) 378
700 ## - ENTRADA AGREGADA--NOMBRE PERSONAL
Nombre de persona Quiry, Pascal
Término indicativo de función/relación author.
Código de función http://id.loc.gov/vocabulary/relators/aut
Número de control del registro de autoridad o número normalizado http://id.loc.gov/authorities/names/n2002119251
9 (RLIN) 1932
700 ## - ENTRADA AGREGADA--NOMBRE PERSONAL
Nombre de persona Le Fur, Yann
Término indicativo de función/relación author.
Código de función http://id.loc.gov/vocabulary/relators/aut
Número de control del registro de autoridad o número normalizado http://id.loc.gov/authorities/names/n2002119254
9 (RLIN) 1930
942 ## - ELEMENTOS DE ENTRADA AGREGADA (KOHA)
Fuente del sistema de clasificación o colocación Clasificación de Library of Congress
Holdings
Estado de retiro Estado de pérdida Fuente del sistema de clasificación o colocación Estado dañado No para préstamo Biblioteca de origen Biblioteca actual Fecha de adquisición Total de préstamos Signatura topográfica completa Código de barras Fecha visto por última vez Número de copia Precio válido a partir de Tipo de ítem Koha
    Clasificación de Library of Congress     TBS Barcelona TBS Barcelona 26/08/2025   HG4026 VER B06015 26/08/2025 1 26/08/2025 Book
    Clasificación de Library of Congress     TBS Barcelona TBS Barcelona 01/10/2025   HG4026 VER B07626 01/10/2025 2 01/10/2025 Book

Powered by Koha